01972cam a22003735i 4500999001700000001000900017003000900026005001700035008004100052020002500093035002500118040004100143082002000184100005800204245005800262264007100320300003000391336002600421337002800447338002700475490007100502500005000573504005100623520043100674588010301105590004701208600005501255650006101310653002801371655001701399797001201416942001201428952015801440 c27591d2756213240311EG-ScBUE20190908122609.0131202s2013 enk f 001 0deng d z9780415845571 (pbk.) a(CaPaEBR)ebr10800371 aCaPaEBRbengerdacCaPaEBRdEG-ScBUE04a822.33bEVA2221 aEvans, B. Iforq(Benjamin Ifor),d1899-1982,eauthor.14aThe language of Shakespeare's plays /cB. Ifor Evans. 1aAbingdon ;aNew York :bRoutledge / Taylor & Francis Group,c2013. axiii, 190 pages ;c22 cm. atextbtxt2rdacontent aunmediatedbn2rdamedia avolumebnc2rdacarrier0 aRoutledge library editions.aShakespeare.aCritical studies ;vXIV aFirst published in 1952 by Methuen & Co. Ltd. aIncludes bibliographical references and index. aFirst published in 1952. This volume explores the function of verse in drama and the developing way in which Shakespeare controlled the rhetorical and decorative elements of speech for the dramatic purpose. The Language of Shakespeare's Plays explores the plays chronologically and so covers all the outstanding problems of Shakespearian language in a way that makes reference easy, without any loss of a continuing narrative. aDescription based on online resource; title from PDF title page (ebrary, viewed December 2, 2013). aAccess is available to the Yale community.17aShakespeare, William,d1564-1616xLanguage.2BUEsh 7aEnglish languageyEarly modern, 1500-1700xStyle.2BUEsh bHHUUEENNcSeptember2019 vReading book2 aebrary. 2ddccBB 00102ddc40708BaccahaMAINbMAINc2NDd2019-09-08ePurchaseg366.00l2o822.33 EVAp000048027r2026-04-15 00:00:00s2021-04-07v457.50w2019-09-08yBB